| 000 | 00773nac a22002291u 4500 | ||
|---|---|---|---|
| 020 | _a0582251648 (pbk) | ||
| 082 |
_a620.11 _bB4667 |
||
| 090 |
_c811 _d811 |
||
| 100 | _aBenham, P. P. | ||
| 245 |
_aMechanics of engineering materials / _cP.P. Benham, R.J. Crawford, C.G. Armstrong. |
||
| 250 | _a2nd ed. | ||
| 260 |
_aHarlow : _bLongman, 1996 _c1996. |
||
| 300 |
_axiii, 627 p. : _bcol. ill. ; _c25 cm. |
||
| 500 | _aPrevious ed.: 1987. | ||
| 500 | _aIncludes index. | ||
| 650 | _aMaterials. | ||
| 650 | _aMechanics, Applied. | ||
| 700 | _aCrawford, R. J. | ||
| 700 | _aArmstrong, C. G. | ||
| 942 |
_cBB _k620.11B4667 |
||
| 999 |
_c811 _d811 |
||